000 01134nam a2200289 i 4500
001 186113
003 SpMaBN
005 20251201193400.0
008 160909s1969 sp |||| | spa d
080 _a299.512
080 _a1(51)(093.3)
130 0 _aSi shu.
_lEspañol.
_9165811
245 1 4 _aLos libros canónicos chinos
_b: la religión y la filosofía más antiguas y la moral y la política más perfectas de la humanidad /
_cConfucio (Kung-Fu-Tsé) y Mencio (Meng-Tsé) ; traducción, noticias preliminares y notas de Juan B. Bergua.
246 3 4 _aConfucio y Mencio
_b: el Chu-King, el el Ta Hio, el Lun-Yu, el Tchung-Yung, el Meng-Tseu
250 _a2ª ed.
260 _aMadrid :
_bClásicos Bergua,
_c1969.
300 _a635 p. ;
_c17 cm.
490 1 _aTesoro literario ;
_v20
650 0 7 _aConfucianismo.
_911279
650 7 _aFilosofía-
_zChina.
_9160782
700 0 _aConfucio.
_940169
700 0 _aMencio.
_980086
700 1 _aBergua, Juan B.,
_d1892-1991
_928018
830 0 _aTesoro literario ;
_v20
_9184264
852 _aES-MaACL
_jL-30658
_z. - Donat. Miguel A. Velasco
999 _c186113
_d186113